Sửa chữa điện ôtô /

Cuốn sửa chữa điện ô tô được biên soạn theo chương trình dạy học "Moudul" nhằm giới thiệu cho học sinh những kiến thức cơ bản về kiểm tra, điều chỉnh và sửa chữa những sai hỏng thường gặp trong hệ thống điện của các loại xe th...

Volledige beschrijving

Bewaard in:
Bibliografische gegevens
Hoofdauteur: Trần Tuấn Anh
Andere auteurs: Nguyễn Văn Hồi
Formaat: Boek
Taal:Vietnamese
Gepubliceerd in: Hà Nội : Lao động-Xã hội , 2007
Editie:In lần thứ 1
Onderwerpen:
Tags: Voeg label toe
Geen labels, Wees de eerste die dit record labelt!
Thư viện lưu trữ: Thư viện Trường CĐ Kỹ Thuật Cao Thắng
LEADER 01610nam a2200301 a 4500
001 TVCDKTCT9111
003 Thư viện trường Cao đẳng Kỹ thuật Cao Thắng
005 20080421000000
008 080421
980 \ \ |a Thư viện Trường CĐ Kỹ Thuật Cao Thắng 
024 |a RG_1 #1 eb0 i1 
041 0 # |a vie 
082 # # |a 629.54 /   |b S501C-t 
100 1 # |a Trần Tuấn Anh 
245 0 0 |a Sửa chữa điện ôtô /  |c Trần Tuấn Anh, Nguyễn Văn Hồi 
250 # # |a In lần thứ 1 
260 # # |a Hà Nội :  |b Lao động-Xã hội ,  |c 2007 
300 # # |a 140tr. ;  |c 27cm 
520 # # |a Cuốn sửa chữa điện ô tô được biên soạn theo chương trình dạy học "Moudul" nhằm giới thiệu cho học sinh những kiến thức cơ bản về kiểm tra, điều chỉnh và sửa chữa những sai hỏng thường gặp trong hệ thống điện của các loại xe thông dụng ở Việt Nam 
520 # # |a Cuốn sách gồm 5 phần : 
520 # # |a M7-1. Sửa chữa hệ thống cung cấp điện 
520 # # |a M7-2 Sửa chữa hệ thống đánh lửa 
520 # # |a M7-3. Sửa chữa hệ thống khởi động 
520 # # |a M7-4. Sửa chữa hệ thống chiếu sáng- tín hiệu 
520 # # |a M7-5. Sửa chữa các thiết bị điện phục vụ 
650 # 4 |a Khoa học kỹ thuật 
650 # 4 |a Ô tô--Hệ thống điện 
700 0 # |a Nguyễn Văn Hồi